|
|
|
|
| LEADER |
00000nam0a2200000 4500 |
| 001 |
30301 |
| 005 |
20231030203848.0 |
| 010 |
|
|
|a 5744209832
|
| 035 |
|
|
|a (RuTPU)RU\TPU\book\30571
|
| 035 |
|
|
|a BOOK00030648
|
| 090 |
|
|
|a 30301
|
| 100 |
|
|
|a 20011209d1998 k y0rusy50 ca
|
| 101 |
0 |
|
|a rus
|
| 102 |
|
|
|a RU
|
| 105 |
|
|
|a 001|y
|
| 200 |
1 |
|
|a Теоретические основы биогеохимической экспертизы окружающей среды
|f РАН, ДВО, ИВЭП
|
| 210 |
|
|
|a Владивосток
|a Хабаровск
|c Дальнаука
|d 1998
|
| 215 |
|
|
|a 157 с.
|
| 320 |
|
|
|a Библиогр.: с. 141-155.
|
| 610 |
1 |
|
|a экология
|
| 610 |
1 |
|
|a биогеохимия
|
| 610 |
1 |
|
|a окружающая среда
|
| 610 |
1 |
|
|a экспертизы
|
| 610 |
1 |
|
|a теория
|
| 610 |
1 |
|
|a растения
|
| 610 |
1 |
|
|a тяжелые металлы
|
| 610 |
1 |
|
|a загрязнения
|
| 610 |
1 |
|
|a водные экосистемы
|
| 610 |
1 |
|
|a биоиндикация
|
| 610 |
1 |
|
|a гидробионты
|
| 610 |
1 |
|
|a аммонийный азот
|
| 610 |
1 |
|
|a ледовые водоросли
|
| 610 |
1 |
|
|a донные отложения
|
| 610 |
1 |
|
|a торфяники
|
| 610 |
1 |
|
|a болотные экосистемы
|
| 610 |
1 |
|
|a бытовые отходы
|
| 610 |
1 |
|
|a экологическая оценка
|
| 610 |
1 |
|
|a Катунская ГЭС
|
| 675 |
|
|
|a 574.4
|v 3
|
| 712 |
0 |
2 |
|a Российская академия наук (РАН)
|b Дальневосточное отделение (ДВО)
|b Институт водных и экологических проблем (ИВЭП)
|c (Хабаровск)
|2 stltpush
|3 (RuTPU)RU\TPU\col\417
|
| 801 |
|
0 |
|a RU
|b 63413507
|c 20011209
|g PSBO
|
| 801 |
|
2 |
|a RU
|b 63413507
|c 20080117
|g PSBO
|
| 942 |
|
|
|c BK
|